Statistics for State Quiz - Hawaii

Click here to take the quiz!

General Stats

  • This quiz has been taken 20,450 times
    (8,564 since last reset)
  • The average score is 14 of 29

Answer Stats

Question Answer % Correct
Hawaiian for Hello or GoodbyeAloha
95%
Capital cityHonolulu
90%
Naval base attacked in 1941Pearl Harbor
86%
President born in HawaiiBarack Obama
86%
Island nicknameThe {Big} Island
75%
Canned meat popular in HawaiiSpam
71%
Most famous beachWaikiki
68%
State danceHula
66%
Hawaiian islandOʻahu
63%
Highest mountainsMauna {Loa}
59%
Sport invented in HawaiiSurfing
59%
First European explorer to visit HawaiiCaptain Cook
58%
Hawaiian islandHawaiʻi
58%
Highest mountainsMauna {Kea}
52%
Hawaiian islandMaui
52%
Hawaiian for FamilyOhana
44%
Hawaiian for Thank YouMahalo
41%
English for ʻAhiTuna
41%
Hawaiian version of a snow coneShave Ice
38%
Hawaiian islandKauaʻi
35%
Plant that poi comes fromTaro
31%
Hawaiian goddess of volcanoesPele
23%
State birdNene
21%
A'a and Pahoehoe are types of thisLava
21%
Island nicknameThe {Garden} Isle
21%
English for KaneMan
16%
Island nicknameThe {Gathering} Place
14%
English for HonuSea Turtle
13%
Island nicknameThe {Valley} Isle
9%

Score Distribution

Percentile by Number Answered

Percent of People with Each Score

Your Score History

You have not taken this quiz since the last reset